00373 a2200145 4500001000700000020001500007040002200022041001600044082001900060100005100079245002100130260005600151300000700207362001300214137591 a8586347035 cLeonardo Da Vinci aPortuguês aJ T635pbT635p aTORALLES, Maria LúciaaBORGES, Gilberto Luiz aA Piaba sabia... bGoverno do Estado de São Pauloc1998aSão Paulo a26 a19980000